Sports Quiz

Random Sports or Baseball Quiz

MLB Ultimate Lineups: Browns - Orioles (since 1913) Quiz Stats

 Plays Quiz not verified by Sporcle

Challenge
Share
Tweet
Score 0/27 Timer 08:00
0 Plays Today
% Correct
Brady Anderson
92%
Bobby Grich
90.9%
Steve Pearce
87.4%
Chris Hoiles
86.3%
Second Base
86.3%
Center Field
83.4%
Mark Belanger
82.3%
Catcher
81.7%
Shortstop
81.7%
Third Base
81.1%
Doug DeCinces
80%
1st
78.9%
George Sisler
78.3%
Merv Rettenmund
76%
% Correct
9th
76%
Ken Williams
68%
3rd
67.4%
First Base
66.3%
Designated Hitter
65.1%
2nd
61.7%
Left Field
56.6%
Right Field
50.9%
4th
50.9%
7th
45.7%
6th
44%
8th
41.1%
5th
30.3%

You're not logged in!

Compare scores with friends on all Sporcle quizzes.
OR
Log In

You Might Also Like...

Show Comments

Extras

Top Quizzes Today


Score Distribution

Your Account Isn't Verified!

In order to create a playlist on Sporcle, you need to verify the email address you used during registration. Go to your Sporcle Settings to finish the process.

Report this User

Report this user for behavior that violates our Community Guidelines.

Details: